书目信息 |
| 题名: |
旋涡
|
|
| 作者: | 里维拉 著 ;吴岩 译 | |
| 分册: | ||
| 出版信息: | 上海 上海译文出版社 1981.09 |
|
| 页数: | 334页 | |
| 开本: | 19cm | |
| 丛书名: | 二十世纪外国文学丛书 | |
| 单 册: | ||
| 中图分类: | I775.4 | |
| 科图分类: | ||
| 主题词: | 文学 | |
| 电子资源: | ||
| ISBN: | ||
| 000 | 00628nam0 2200229 45 | |
| 001 | 0404131039 | |
| 005 | 20060815084057.00 | |
| 010 | @dCNY1.15 | |
| 100 | @a20040413d1981 km y0chiy0120 ea | |
| 101 | 0 | @achi@ceng |
| 105 | @a z 000ay | |
| 200 | 1 | @a旋涡@Axuan wo@f(哥伦比亚)里维拉著@F(Ge Lun Bi Ya)Li Wei La Zhu@g吴岩译 |
| 210 | @a上海@c上海译文出版社@d1981.09 | |
| 215 | @a334页@d19cm | |
| 225 | @a二十世纪外国文学丛书 | |
| 410 | @12001 @a二十世纪外国文学丛书 | |
| 606 | 0 | @a文学 |
| 690 | @aI775.4@v3 | |
| 701 | 0 | @a里维拉@4著 |
| 702 | 0 | @a吴岩@AWu Yan@4译 |
| 801 | @aCN@btstctsg@c20060815 | |
| 905 | @dI775.4@e1 | |
| 旋涡/(哥伦比亚)里维拉著/吴岩译.-上海:上海译文出版社,1981.09 |
| 334页;19cm.-(二十世纪外国文学丛书) |
| ISBN :CNY1.15 |
| ● |
| 相关链接 |
|
|
|
|
正题名:旋涡
索取号:I775.4/1
 
预约/预借
| 序号 | 登录号 | 条形码 | 馆藏地/架位号 | 状态 | 备注 |
| 1 | 0060192 | 000170406 | 第二借阅区/ [索取号:I775.4/1] | 在馆 | |
| 2 | 0060193 | 001913200 | 密集书库/ [索取号:I775.4/1] | 在馆 | |
| 3 | 0060194 | 000169454 | 第一样本阅览室/ [索取号:I775.4/1] | 在馆 | |
| 4 | 0443455 | 204434558 | 密集书库/ [索取号:I775.4/1] | 在馆 | |
| 5 | 0456856 | 204568565 | 密集书库/ [索取号:I775.4/1] | 在馆 | |
| 6 | 0456857 | 204568574 | 密集书库/ [索取号:I775.4/1] | 在馆 |